000 00354nam a2200157Ia 4500
003 OSt
005 20240522143341.0
008 170524s9999 xx 000 0 und d
020 _a978-9394417595
040 _ciimtu
100 _aSHARMA- R.D.
245 0 _aMATHEMATICS CLASS XII PT. B
260 _bP H I-NEW DELHI
260 _c2006
942 _2ddc
_c02
999 _c6128
_d6128